Country Initialisms Accepted On JetPunk - Statistics

General Stats
  • This quiz has been taken 37,875 times
    37,847 since last reset
  • The average score is 11 of 15
Answer Stats
Initialism Country % Correct
GB / UK United Kingdom
98%
USA United States
98%
NZ New Zealand
97%
DRC Democratic Republic of the Congo
96%
UAE United Arab Emirates
94%
CAR Central African Republic
84%
DR Dominican Republic
73%
DPRK North Korea
72%
FSM Federated States of Micronesia
71%
PRC China
70%
PNG Papua New Guinea
65%
ROK South Korea
61%
FYROM North Macedonia
47%
ROC Taiwan
44%
KSA Saudi Arabia
36%
No matching quizzes found
Score Distribution
Percent of People with Each Score
Percentile by Number Answered
Your Score History
You have not taken this quiz since the last reset